CMOS Analog Circuit Design (Record no. 27737)

MARC details
000 -LEADER
fixed length control field 00415nam a2200157Ia 4500
008 - FIXED-LENGTH DATA ELEMENTS--GENERAL INFORMATION
fixed length control field 240925s9999 xx 000 0 und d
020 ## - INTERNATIONAL STANDARD BOOK NUMBER
ISBN 9780198097389
100 ## - MAIN ENTRY--AUTHOR NAME
Personal name Allen, Philip E
245 #0 - TITLE STATEMENT
Title CMOS Analog Circuit Design
250 ## - EDITION STATEMENT
Edition statement 3rd
260 ## - PUBLICATION, DISTRIBUTION, ETC. (IMPRINT)
Place of publication New York
Name of publisher Oxford University
Year of publication 2012
300 ## - PHYSICAL DESCRIPTION
Number of Pages 590
700 ## - ADDED ENTRY--PERSONAL NAME
Personal name Holberg, Douglas R
942 ## - ADDED ENTRY ELEMENTS (KOHA)
Koha item type Books
650 ## -
-- Electronics and Communication Engineering
Holdings
Withdrawn status Lost status Damaged status Not for loan Collection code Home library Current library Department Date acquired Source of acquisition Total Checkouts Full call number Accession Number Koha item type
        General Text Book Central University Of Rajasthan Central University Of Rajasthan   25/09/2024 ECE   621.3815 AL5C 41530 Books
        General Text Book Central University Of Rajasthan Central University Of Rajasthan   25/09/2024 ECE   621.3815 AL5C 41531 Books